Statistics for Name the flags #2

Click here to take the quiz!

General Stats

  • This quiz has been taken 16 times
  • The average score is 12 of 15

Answer Stats

Answer% Correct
China
100%
France
100%
United States
100%
India
93%
Pakistan
93%
Spain
93%
Poland
80%
Trinidad & Tobago
73%
Bhutan
67%
Liberia
67%
Libya
67%
Palau
67%
Niger
60%
Zambia
60%
Chad
53%

Score Distribution

Percentile by Number Answered

Percent of People with Each Score

Your Score History

You have not taken this quiz